000 00478 a2200193 4500
005 20260202161858.0
008 260202b |||||||| |||| 00| 0 eng d
020 _a9789365537024
_cRs. 2195.00
040 _aMAIN
082 _a411
_bB469E
100 _aBhuyan, Dipankar
245 _aEncyclopaedia of epigraphy
260 _bABD Publishers
_c2025
_aJaipur
300 _a304
650 _aLanguage
650 _aEpigraphy
650 _aIndian Inscription
942 _cBK
999 _c394790
_d394790